ბათუმის შოთა რუსთაველის სახელმწიფო უნივერსიტეტის ბიბლიოთეკა

მომენატრეთ ძალიან (ბიბ.ჩანაწერი № 43112)

000 -LEADER
fixed length control field 00885nam a2200265Ia 4500
001 - CONTROL NUMBER
control field 9833
003 - CONTROL NUMBER IDENTIFIER
control field GE_BSU
008 - FIXED-LENGTH DATA ELEMENTS--GENERAL INFORMATION
fixed length control field 181216s||||||||xx |||||||||||||| ||und||
020 ## - INTERNATIONAL STANDARD BOOK NUMBER
International Standard Book Number 9992884762
040 ## - CATALOGING SOURCE
Transcribing agency GE_BSU
080 ## - UNIVERSAL DECIMAL CLASSIFICATION NUMBER
Universal Decimal Classification number 821.353.1-1:821.353.1-11
100 ## - MAIN ENTRY--PERSONAL NAME
Personal name ანანიძე,შოთა
245 ## - TITLE STATEMENT
Title მომენატრეთ ძალიან
245 ## - TITLE STATEMENT
Remainder of title ლექსები.პოემა
245 ## - TITLE STATEMENT
Statement of responsibility, etc. რედ:ჯემალ სურმანიძე,მხატ.რედ:გურამ გუჯაბიძე
260 ## - PUBLICATION, DISTRIBUTION, ETC.
Place of publication, distribution, etc. ბათუმი
260 ## - PUBLICATION, DISTRIBUTION, ETC.
Name of publisher, distributor, etc. გამ-ბა აჭარა
260 ## - PUBLICATION, DISTRIBUTION, ETC.
Date of publication, distribution, etc. 2001
300 ## - PHYSICAL DESCRIPTION
Extent 56გვ;19სმ
300 ## - PHYSICAL DESCRIPTION
Other physical details 1ფ პორტრეტი
653 ## - INDEX TERM--UNCONTROLLED
Uncontrolled term ლექსები.პოემა
653 ## - INDEX TERM--UNCONTROLLED
Uncontrolled term მომენატრეთ ძალიან
942 ## - ADDED ENTRY ELEMENTS (KOHA)
Koha item type წიგნი
ეგზემპლარები
Withdrawn status Lost status Damaged status Not for loan Date acquired Barcode Date last seen Price effective from Koha item type
        2018-12-17 32886 2018-12-17 2018-12-17 წიგნი